| 000 | 00864nam a2200253 a 4500 | ||
|---|---|---|---|
| 001 | 000026034 | ||
| 005 | 20240425183030.0 | ||
| 008 | 110217s1985 sp a r 000 | spa d | ||
| 020 | _a8435904350 | ||
| 040 |
_aDO-SdBNP _bspa _cBNPHU |
||
| 082 |
_a516.24 _bV393f |
||
| 100 | 1 |
_aVázquez, Carlos E. , _952963 |
|
| 245 | 1 | 0 |
_aFundamentos de trigonometría / _cCarlos E. Vázquez, Martha Martínez ; colaboradores José Abreu ... [et al.] ; ilustración Guadalupe Teijeiro. |
| 260 |
_aMadrid : _bPlayor, _c1985. |
||
| 300 |
_a298 p. : _bil. ; _c24 cm. |
||
| 650 | 0 |
_aTrigonometría _925981 |
|
| 700 | 1 |
_aMartínez, Martha , _952964 |
|
| 700 | 1 |
_aAbreu, José, _952965 |
|
| 700 | 1 |
_aMartínez, Martha, _952964 |
|
| 700 | 1 |
_aSánchez Sordo, Manuel , _952966 |
|
| 700 | 1 |
_aVázquez, Carlos E., _952963 |
|
| 700 | 1 |
_aTeijeiro, Guadalupe, _eil. _952967 |
|
| 049 | _aBNGR | ||
| 999 |
_c25526 _d25526 |
||